鳥取県の市町村(1960年) - Statistics

General Stats
  • This quiz has been taken 46 times
  • The average score is 37 of 41
Answer Stats
No. 市町村 備考 % Correct
1 鳥取市
100%
2 米子市
100%
3 倉吉市
100%
4 境港市
100%
7 岩美郡 岩美町
96%
16 八頭郡 智頭町
96%
23 東伯郡 三朝町
96%
29 西伯郡 西伯町 2004年消滅
96%
33 西伯郡 日吉津村
96%
34 西伯郡 淀江町 2005年消滅
96%
6 岩美郡 国府町 2004年消滅
93%
13 八頭郡 若桜町
93%
17 気高郡 気高町 2004年消滅
93%
35 西伯郡 大山町
93%
38 日野郡 日南町
93%
39 日野郡 日野町
93%
40 日野郡 江府町
93%
9 八頭郡 郡家町 2005年消滅
89%
14 八頭郡 用瀬町 2004年消滅
89%
20 東伯郡 羽合町 2004年消滅
89%
21 東伯郡 泊村 2004年消滅
89%
24 東伯郡 関金町 2005年消滅
89%
26 東伯郡 大栄町 2005年消滅
89%
27 東伯郡 東伯町 2004年消滅
89%
28 東伯郡 赤碕町 2004年消滅
89%
8 岩美郡 福部村 2004年消滅
85%
11 八頭郡 河原町 2004年消滅
85%
12 八頭郡 八東町 2005年消滅
85%
15 八頭郡 佐治村 2004年消滅
85%
18 気高郡 鹿野町 2004年消滅
85%
19 気高郡 青谷町 2004年消滅
85%
22 東伯郡 東郷町 2004年消滅
85%
25 東伯郡 北条町 2005年消滅
85%
30 西伯郡 会見町 2004年消滅
85%
31 西伯郡 岸本町 2005年消滅
85%
36 西伯郡 名和町 2005年消滅
85%
41 日野郡 溝口町 1984年改称
85%
10 八頭郡 船岡町 2005年消滅
81%
32 西伯郡 伯仙町 1968年消滅
78%
37 西伯郡 中山町 2005年消滅
78%
5 岩美郡 津ノ井村 1963年消滅
74%
No matching quizzes found
Score Distribution
Percent of People with Each Score
Percentile by Number Answered
Your Score History
You have not taken this quiz